World Bank assistance to agriculture in Sub-Saharan Africa <an> IEG review

Saved in:
Bibliographic Details
Format: Book
Language:English
French
Portuguese
Published: Washington, D.C. <The> World Bank 2007
Subjects:
Tags: Add Tag
No Tags, Be the first to tag this record!

MARC

LEADER 00000nam$a2200000$$$4500
001 0072521
005 20240315115755.0
020 |a 978-0-8213-7350-7 
041 0 |a eng 
041 0 |a fre 
041 0 |a por 
044 |a US 
245 1 0 |a World Bank assistance to agriculture in Sub-Saharan Africa  |b <an> IEG review 
264 1 |a Washington, D.C.  |b <The> World Bank  |c 2007 
300 |a 144 s. 
610 2 0 |a krajiny rozvojové 
610 2 0 |a poľnohospodárstvo 
610 2 0 |a chudoba 
610 2 0 |a pomoc medzinárodná 
610 2 0 |a regióny 
610 2 0 |a programy rozvojové 
610 2 0 |a výskum 
610 2 0 |a pomoc finančná 
610 2 0 |a politika 
610 2 0 |a reformy 
610 2 0 |a Subsahara 
610 2 0 |a Afrika